• 首页
  • 本馆介绍
  • 公告通知
  • 最新文献
  • 馆藏检索
  • 电子资源
  • 读者导购
  • 参考咨询
  • 我的图书馆
  • 登录
  • 详细信息显示
  • 放入我的书架
  • 预约/预借图书
  • 作者相关作品
  • 分类相关作品
  • 丛书相关作品
  • 出版社相关作品

书目信息

  • 表格格式
  • 工作单格式
  • 卡片格式
题名:
垒球竞赛规则
    
 
作者: ;中华人民共和国体育运动委员会 审定
分册:  
出版信息: 北京   人民体育出版社  1960
页数: 106页
开本: 13cm
丛书名:
单 册:
中图分类: G848.24
科图分类:
主题词: 垒球运动-竞赛规则--中国--1986~1988 , 竞赛规则-垒球运动--中国--1986~1988
电子资源:
ISBN:
000 00892nam0 2200265 45
001 0186017568
005 20060911153703.07
010    @dCNY0.16
091    @a7015.2380
100    @a19900802d1960 emky0chiy0121 ea
101 0  @achi
102    @aCN@b110000
105    @af z 000yy
200 10 @a垒球竞赛规则@Alei qiu jing sai gui ze@e1979@f中华人民共和国体育运动委员会审定@Fzhong hua ren min gong he guo ti yu yun dong wei yuan hui shen ding
205    @a4版
210    @a北京@c人民体育出版社@d1960
215    @a106页@c插图@d13cm
517 1  @a1979
606    @a垒球运动-竞赛规则@y中国@z1986~1988
606    @a竞赛规则-垒球运动@y中国@z1986~1988
690    @aG848.24@v3
711 02 @a中华人民共和国体育运动委员会@Azhong hua ren min gong he guo ti yu yun dong wei yuan hui@4审定
801  2 @aCN@bNLC@c20060911
801  0 @aCN@b深圳图书馆@c20060815
905    @dG848.24@e39=4(1979)
    
    垒球竞赛规则:1979/中华人民共和国体育运动委员会审定.-4版.-北京:人民体育出版社,1960
    106页:插图;13cm
    
    
    ISBN :CNY0.16
    
●
相关链接 在E读中查询图书 在五车中查询图书 在当当中查询图书 在豆瓣中查询图书


正题名:垒球竞赛规则     索取号:G848.24/39=4(1979)         预约/预借

序号 登录号 条形码 馆藏地/架位号 状态 备注
1 0460053   204600538   密集书库/ [索取号:G848.24/39=4(1979)] 在馆    
2 0472027   204720276   密集书库/ [索取号:G848.24/39=4(1979)] 在馆    
唐山师范学院图书馆 欢迎您!
大连网信软件有限公司© 版权所有